| Tag |
First Indicator |
Second Indicator |
Subfields |
| LEADER |
00000cam a2200000 4500 |
| 001 |
in00004472039 |
| 005 |
20191202143057.0 |
| 008 |
720425s1963 nyuab 00000 eng |
| 010 |
|
|
|a 63014144
|
| 035 |
|
|
|a (OCoLC)00293571
|
| 035 |
|
|
|9 AAD8660MS
|
| 035 |
|
|
|z (UtOrBLW)11769
|
| 035 |
|
|
|a 21635
|
| 040 |
|
|
|a DLC
|c MAL
|d OCL
|d TXA
|d UtOrBLW
|
| 049 |
|
|
|a TXAM [Also In] [Med Sci]
|c 1 [906005]
|a TXAH
|c 2 [365592]
|
| 050 |
|
0 |
|a QL50
|b .B3
|
| 059 |
|
|
|l MS/BOOK STKS
|t BOOK
|k CIRCULATING
|i 3238900164395
|j 365592
|n NL
|a QL 50
|b B3
|m 1
|
| 100 |
1 |
|
|a Bates, Marston,
|d 1906-1974.
|
| 245 |
1 |
0 |
|a Animal worlds /
|c Photos. by Emil Schulthess [and others] Drawings by Kenneth Gosner.
|
| 264 |
|
1 |
|a New York :
|b Random House,
|c [1963]
|
| 300 |
|
|
|a 316 pages :
|b illustrations (part color) maps. ;
|c 29 cm.
|
| 336 |
|
|
|a text
|2 rdacontent
|b txt
|
| 337 |
|
|
|a unmediated
|2 rdamedia
|
| 338 |
|
|
|a volume
|2 rdacarrier
|b nc
|
| 520 |
8 |
|
|a Animals.
|
| 940 |
|
|
|a 906005 365592 Med Sci
|
| 940 |
|
|
|a rcp
|
| 999 |
|
|
|a MARS
|
| 999 |
f |
f |
|s 86bc1f0b-2094-319f-9865-b28e56112af7
|i c1a290e1-3117-37a2-883d-84564b387e3a
|t 0
|
| 952 |
f |
f |
|p preservation
|a Texas A&M University
|b J.J. Pickle Campus
|c High Density Repository
|d Remote Storage
|t 0
|e QL 50 B3
|h National Library of Medicine classification
|i unmediated -- volume
|m 3238902006741
|
| 998 |
f |
f |
|a QL 50 B3
|t 0
|l Remote Storage
|